| 000 | 00896nam a22002177a 4500 | ||
|---|---|---|---|
| 008 | 130821s1967 vc gr spa | ||
| 040 |
_aCo-BoUCM _bspa |
||
| 041 | 0 | 0 | _aspa |
| 092 | _aFM 000835 | ||
| 100 |
_aIglesia Católica. Papa (1963-1978: Paulo Vi) _9148808 |
||
| 245 | 0 | 0 |
_aCarta encíclica de su Santidad el papa Paulo VI sobre el celibato sacerdotal _ba los obispos, a los hermanos en el sacerdocio y los fieles de todo el mundo católico _cPaulo VI |
| 260 |
_aCiudad del Vaticano (Italia) _bTipografía Poliglotta Vaticana _c1967 |
||
| 300 | _a64 páginas | ||
| 500 | _aIncluye notas. -- Este libro se encuentra en el depósito de la biblioteca | ||
| 650 | 0 | 4 |
_aCelibato _910638 |
| 650 | 0 | 4 |
_aDocumentos pontificios _97537 |
| 650 | 0 | 4 |
_aEncíclicas _914172 |
| 650 | 0 | 4 |
_aIglesia Católica y problemas sociales _97704 |
| 700 |
_aPaulo VI, Papa _9148809 |
||
| 942 |
_cLIBRO _a27 _e1 _n0 |
||
| 999 |
_c84754 _d84754 |
||